Od moderny k postmoderne

Bibliographic Details
Format: Book
Language:Slovak
Czech
PhysicalDescription:247 s. fotogr. 21 cm
Published: Nitra Univerzita Konštantína Filozofa 1997
ISBN:808050122X
Subjects:

MARC

LEADER 00000cam a2200000 a 4500
001 vtls001304277
003 SK-MaSNL
005 20260301004926.0
008 240702s1997 xo a frn 100 0 slo
015 |a SNBA1998/01-00370 
020 |a 808050122X 
035 |a SNK000256468 
035 |a urn:nbn:sk:snk-amk3fi 
035 |a urn:nbn:sk:snk-am0058kv 
035 |a FCE71639-8376-48A5-B394-AEC8E623C9DB 
040 |a SNK  |b slo  |c SNK  |e AACR2 
041 0 |a slo  |a cze  |b eng 
044 |a xo  |c SK 
080 |a 82(091):820/899 (100)  |2 1981 
080 |a 820/899 (100)(091)  |2 1981 
245 0 0 |a Od moderny k postmoderne 
260 |a Nitra  |b Univerzita Konštantína Filozofa  |c 1997 
300 |a 247 s.  |b fotogr.  |c 21 cm 
366 |e 350 výtl. 
500 |a Príspevky aj česky 
504 |a Bibliogr. odkazy 
546 |a Res. angl. 
650 0 7 |a svetová literatúra  |2 SNKPH  |9 1433 
650 0 7 |a postmodernizmus (literatúra)  |2 SNKPH  |9 4084 
655 7 |a zborníky konferencií  |2 SNKPH  |9 70153 
852 |a Slovenská národná knižnica 
919 |a 80-8050-122-X 
954 |a odborná, vedecká literatúra pôvodná (slovenská)  |2 lita 
958 |a TL 
958 |a NB 
958 |a CZ 
958 |a LX 
999 |c 543726  |d 545656 
952 |t P60, <03>, [BOOK], {603}  |a SNK  |b SNK  |y PREZ  |7 0  |p 17A0100102  |o snkSC 94147  |i snkKSP 10005/97  |0 0  |1 0  |4 0  |d 1997-10-01  |f 1  |l 0  |r 2025-09-11 00:00:00  |w 2026-02-23 
952 |t P60, <04>, [BOOK], {604}  |a SNK  |b SNK  |y VYP  |7 0  |p 17A0100104  |o snkSC 94147 D1  |i snkKSP 10006/97  |0 0  |1 0  |4 0  |d 1997-10-01  |l 0  |r 2005-01-02 00:00:00  |w 2026-02-23